000 00464nam a2200181Ia 4500
005 20251020182601.0
008 200515s9999 xx 000 0 und d
082 _aSC/333.68(85)/C74
110 _aConaco
245 0 _aTexto Ășnico ordenado de la Ley del impuesto general a las ventas e impuesto selectivo al consumo
260 _aLima
260 _c1999
300 _a59
650 _aIMPUESTOS
650 _aLEGISLACION
650 _aVENTAS
942 _cLIB
999 _c3043
_d3043